000 00623cam a22001814a 4500
020 _a0310205719 (alk. paper)
041 _aENG
082 0 0 _a248
_bWAR
100 1 _aWarren, Rick,
245 1 4 _aThe purpose-driven life : what on earth am i here for?
260 _aGrand Rapids, Mich. :
_bZondervan,
_cc2002.
300 _a361 p. :
_bill. ;
650 0 _aChristian life.
856 4 2 _uhttp://www.loc.gov/catdir/enhancements/fy0633/2002011471-d.html
856 4 1 _uhttp://www.loc.gov/catdir/enhancements/fy0633/2002011471-t.html
856 4 1 _uhttp://www.loc.gov/catdir/enhancements/fy0642/2002011471-s.html
942 _cBK
999 _c22637
_d22637